La sombra del caudillo : novela.

Bibliographic Details
Main Author: Guzmán, Martín Luis, 1887-1976
Format: Book
Language:Spanish
Published: Mexico : Ediciones Botas, 1938.
Edition:3. ed.

MARC

Tag First Indicator Second Indicator Subfields
LEADER 00000cam a2200000 4500
001 in00000021998
005 20151007063824.0
008 780728s1938 mx 00001 spa
010 |a  42005190  
035 |a (OCoLC)04094454 
035 |9 AAD8341AM 
040 |a DLC  |c AZN  |d TXA  |d UtOrBLW 
049 |a TXAM  |c [415007] 
050 0 0 |a PQ7297.G85  |b S6 1938 
082 0 |a 863/.6 
092 |a 863  |b G993s 
100 1 |a Guzmán, Martín Luis,  |d 1887-1976. 
245 1 3 |a La sombra del caudillo :  |b novela. 
250 |a 3. ed. 
264 1 |a Mexico :  |b Ediciones Botas,  |c 1938. 
300 |a 344 pages, 1 . ;  |c 20 cm. 
336 |a text  |b txt  |2 rdacontent 
337 |a unmediated  |b n  |2 rdamedia 
338 |a volume  |b nc  |2 rdacarrier 
999 |a MARS 
999 f f |s 1bc17e4a-6cc0-3a20-9baa-e405efa46aa9  |i d64fc9b7-c7ab-3323-a819-4ef6ef0e78f3  |t 0 
952 f f |p normal  |a Texas A&M University  |b College Station  |c Sterling C. Evans Library  |d Evans: Library Stacks  |t 0  |e PQ7297.G85 S6 1938  |h Library of Congress classification  |i unmediated -- volume  |m A14801384399 
998 f f |a PQ7297.G85 S6 1938  |t 0  |l Evans: Library Stacks